Músicos sobre música en cartas, diarios y apuntes /

Guardado en:
Autor Principal: Rufer, Joséf
Formato: Libro
Publicado: Buenos Aires : Eudeba, 1964
Materias:
Etiquetas: Agregar Etiqueta
Sin Etiquetas, Sea el primero en etiquetar este registro!
LEADER 00475nam a22001695a 4500
001 CEM.cems005645
005 20060221000000.0
008 130507s1964##################000#0#####d
003 CEMS
082 0 4 |a 780.9 
100 1 |a Rufer, Joséf 
245 1 0 |a Músicos sobre música en cartas, diarios y apuntes / 
260 |a Buenos Aires :  |b Eudeba,  |c 1964 
300 |a 292 p. 
653 |a Música 
653 |a Música-historia 
859 |a CEMS  |b BIB. CEMS - 11 de abril  |h 780.9  |i R838  |p 5966.77  |t Ej.1